书目信息 |
| 题名: |
外墙外保温系统修复技术标准
|
|
| 作者: | 王琼 起草 ;上海市建筑科学研究院公司 主编 | |
| 分册: | ||
| 出版信息: | 上海 同济大学出版社 2020.06 |
|
| 页数: | 79页 | |
| 开本: | 21cm | |
| 丛书名: | 上海市工程建设规范 | |
| 单 册: | ||
| 中图分类: | TU111.4-65 | |
| 科图分类: | ||
| 主题词: | 建筑物--jian zhu wu--外墙--保温工程--修复--技术标准--上海 | |
| 电子资源: | ||
| ISBN: | 978-7-5608-8974-0 | |
| 000 | 01398nam 2200301 450 | |
| 001 | 2056472086 | |
| 005 | 20201107154125.49 | |
| 010 | @a978-7-5608-8974-0@dCNY25.00 | |
| 094 | @aCN@bDG/TJ 08-2310-2019 J 15009-2020 | |
| 100 | @a20200618d2020 em y0chiy50 ea | |
| 101 | 0 | @achi@eeng |
| 102 | @aCN@b310000 | |
| 105 | @aa l 000yy | |
| 200 | 1 | @a外墙外保温系统修复技术标准@Awai qiang wai bao wen xi tong xiu fu ji shu biao zhun@d= Technical standard for exterior insulation system maintenance@f主编单位上海市建筑科学研究院有限公司@zeng |
| 210 | @a上海@c同济大学出版社@d2020.06 | |
| 215 | @a79页@c图@d21cm | |
| 225 | 2 | @a上海市工程建设规范@Ashang hai shi gong cheng jian she gui fan |
| 300 | @a2019-12-23发布 2020-05-01实施 上海市住房和城乡建设管理委员会发布 | |
| 314 | @a起草人: 王琼 ... [等] | |
| 330 | @a为规范本书建筑外墙外保温系统的修复, 有效治理外墙外保温系统的质量缺陷, 制定本标准。建筑外墙外保温系统修复应安全可靠、节能环保、经济合理、美观实用。 | |
| 410 | 0 | @12001 @a上海市工程建设规范 |
| 510 | 1 | @aTechnical standard for exterior insulation system maintenance@zeng |
| 606 | 0 | @a建筑物@Ajian zhu wu@x外墙@x保温工程@x修复@x技术标准@y上海 |
| 690 | @aTU111.4-65@v5 | |
| 701 | 0 | @a王琼@Awang qiong@4起草 |
| 712 | 02 | @a上海市建筑科学研究院公司@Ashang hai shi jian zhu ke xue yan jiu yuan gong si@4主编 |
| 801 | 0 | @aCN@b人天书店@c20200925 |
| 905 | @aZUCC@dTU111.4-65@eW312 | |
| 外墙外保温系统修复技术标准= Technical standard for exterior insulation system maintenance/主编单位上海市建筑科学研究院有限公司.-上海:同济大学出版社,2020.06 |
| 79页:图;21cm.-(上海市工程建设规范) |
| 2019-12-23发布 2020-05-01实施 上海市住房和城乡建设管理委员会发布 |
| ISBN 978-7-5608-8974-0:CNY25.00 |
| 为规范本书建筑外墙外保温系统的修复, 有效治理外墙外保温系统的质量缺陷, 制定本标准。建筑外墙外保温系统修复应安全可靠、节能环保、经济合理、美观实用。 |
| ● |
| 相关链接 |
|
|
|
正题名:外墙外保温系统修复技术标准
索取号:TU111.4-65/W312
 
预约/预借
| 序号 | 登录号 | 条形码 | 馆藏地/架位号 | 状态 | 备注 |
| 1 | 1486108 | 214861087 | 建筑库101/101建筑库 25排1列2层/ [索取号:TU111.4-65/W312] | 在馆 | |
| 2 | 1486109 | 214861096 | 建筑库101/101建筑库 25排1列2层/ [索取号:TU111.4-65/W312] | 在馆 |